| 000 | 01953cam a2200553 4500 | ||
|---|---|---|---|
| 001 | 21569 | ||
| 003 | VRT | ||
| 005 | 20260305090115.0 | ||
| 008 | 180425s2018 xo a a 000 0 slo | ||
| 015 | _aSNBA2018/12 | ||
| 020 | _a9788056702055 (viazané) | ||
| 039 | 9 |
_a202201201858 _bAUTHORITY _c201911210806 _dAUTHORITY _c201812031648 _dmsnk18 _c201812031637 _dmsnk18 |
|
| 040 |
_aPOKPOH _bslo _cPOKPOH _dSNK _erda |
||
| 041 | 1 |
_aslo _heng |
|
| 044 |
_axo _cSK |
||
| 072 | 7 |
_a59 _xZoológia _2konspekt |
|
| 072 | 7 |
_a0/9-053.2 _xLiteratúra pre deti a mládež (náučná) _2konspekt |
|
| 080 |
_a595.76 _22011 |
||
| 080 |
_a(0.053.2) _22011 |
||
| 080 |
_a(084.11) _22011 |
||
| 130 | 0 |
_aLittle Explorers - The Bugs _lSlovensky |
|
| 245 | 1 | 0 |
_aChrobáky _cpreklad: Jitka Madarásová |
| 250 | _aPrvé slovenské vydanie | ||
| 264 | 1 |
_aBratislava _bSvojtka & Co., s.r.o. _c2018 |
|
| 300 |
_a16 nečíslovaných strán _bfarebné ilustrácie _c23 cm |
||
| 336 |
_atext _btxt _2rdacontent |
||
| 336 |
_astatický obraz _bsti _2rdacontent |
||
| 337 |
_abez média _bn _2rdamedia |
||
| 338 |
_azväzok _bnc _2rdacarrier |
||
| 490 | 1 | _aMalý prieskumník | |
| 500 | _aKartónové listy s odklápacími okienkami | ||
| 500 | _aPreložené z anglického vydania | ||
| 500 | _aNázov z obálky | ||
| 521 | 8 | _aPre deti od 3 rokov | |
| 650 | 0 | 7 |
_achrobáky _2SNKPH |
| 650 | 0 | 7 |
_aBeetles _2SNKPHeng |
| 655 | 7 |
_apublikácie pre deti _2SNKPH |
|
| 655 | 7 |
_aobrazové publikácie _2SNKPH |
|
| 655 | 7 |
_aChildren's literature _2SNKPHeng |
|
| 655 | 7 |
_aPictorial works _2SNKPHeng |
|
| 700 | 1 |
_aMadarásová, Jitka _4trl |
|
| 830 | 0 | _aMalý prieskumník | |
| 910 | _a978-80-567-0205-5 | ||
| 942 |
_2ddc _cOLDE _n0 |
||
| 949 |
_617A1350322 _asnkOSC 28576 _bsnk2018/25306 _o2358/18 |
||
| 949 |
_617A1350323 _asnkOSC 28576 D1 _bsnk2018/25307 _o2358/18 |
||
| 949 |
_62889343288 _asavukPV 26911 _bsavuk2018/4014 |
||
| 949 |
_6270001000598927 _asvkbbB 58979 _bsvkbbm 779969 |
||
| 999 |
_c21569 _d21569 |
||